Call of duty zombies multiple choice quiz #2 - Statistics

General Stats
  • This quiz has been taken 32 times
  • The average score is 10 of 15
Answer Stats
Question Answer % Correct
What map did the apothican servant first appear on? Shadows of evil
100%
What perk a cola only appeared on the map buried? Vulture aid
91%
Gersh devices first appeared on Ascension
82%
Who was the boss zombie on the map Call of the dead? George Romero
82%
In the map FIVE, what were the 3 items you needed to find to activate the hidden song? Red telephones
82%
What was in the cabinet of the Black ops 3 chronicles version of nacht der untoten? Locus
73%
Q.E.D.s on moon stand for Quantum entanglement devices
64%
In what map can you wield a katana? Revelations
64%
What perk a cola machine was located in the tank factory in Gorod Krovi? Double Tap
55%
The uzi only appeared on what map? Mob of the dead
55%
The razorback only appeared on what map? Zetsubou no shima
55%
What was the only map that the KSG shotgun appeared on? Origins
45%
What map introduced Dempsey, Nikolai, Takeo, and Richtofen? Shi no numa
45%
What is the name of the reskinned RAPS enemies seen in shadows of evil? Insanity elementals
36%
The Ppsh-41 first appeared on what map? Verruct
27%
No matching quizzes found
Score Distribution
Percent of People with Each Score
Percentile by Number Answered
Your Score History
You have not taken this quiz